000 00541nam a2200181Ia 4500
005 20250423095633.0
008 250422s9999 xx 000 0 und d
020 _a019569919X
050 _aTX 911.3.F75 T49/
100 _aTewari, Jatashankar R.
245 0 _aHotel front office : operations and management
260 _aNew Dehli
260 _bOxford University Press
260 _c1989
300 _a451 p
650 _aHotel front desk personnel--Handbooks, manuals, etc. Hotel management--Handbooks, manuals, etc.
942 _cBK
999 _c30877
_d30877